Simon & Garfunkel – Songs from their albums - Statistics

General Stats
  • This quiz has been taken 1,551 times
  • The average score is 21 of 59
Answer Stats
Answer % Correct
Bridge Over Troubled Water Bridge Over Troubled Water
93%
Wednesday Morning 3AM The Sound of Silence
92%
Sounds of Silence The Sound of Silence
92%
Bookends Mrs Robinson
80%
Parsley, Sage, Rosemary and Thyme Scarborough Fair / Canticle
79%
Bridge Over Troubled Water The Boxer
77%
Bookends Bookends Theme
69%
Bookends Bookends Theme
69%
Bridge Over Troubled Water Cecilia
66%
Bookends America
65%
Wednesday Morning 3AM Wednesday Morning 3AM
58%
Sounds of Silence I Am a Rock
54%
Sounds of Silence Homeward Bound
50%
Parsley, Sage, Rosemary and Thyme Homeward Bound
50%
Bridge Over Troubled Water El Condor Pasa (If I Could)
48%
Bookends Old Friends
41%
Parsley, Sage, Rosemary and Thyme The 59th Street Bridge Song (Feelin' Groovy)
41%
Bridge Over Troubled Water The Only Living Boy in New York
40%
Bookends At the Zoo
39%
Bookends A Hazy Shade of Winter
36%
Parsley, Sage, Rosemary and Thyme For Emily, Whenever I May Find Her
36%
Sounds of Silence Kathy's Song
35%
Sounds of Silence April Come She Will
33%
Bridge Over Troubled Water Baby Driver
32%
Bridge Over Troubled Water So Long, Frank Lloyd Wright
30%
Bridge Over Troubled Water Keep the Customer Satisfied
29%
Parsley, Sage, Rosemary and Thyme 7 O'Clock News / Silent Night
27%
Sounds of Silence Richard Cory
27%
Sounds of Silence Leaves That Are Green
26%
Bridge Over Troubled Water Bye Bye Love
24%
Bridge Over Troubled Water Song for the Asking
24%
Wednesday Morning 3AM Bleecker Street
23%
Parsley, Sage, Rosemary and Thyme The Dangling Conversation
23%
Sounds of Silence A Most Peculiar Man
22%
Parsley, Sage, Rosemary and Thyme Cloudy
22%
Bookends Save the Life of My Child
22%
Bookends Voices of Old People
22%
Sounds of Silence Anji
21%
Bookends Fakin' It
21%
Parsley, Sage, Rosemary and Thyme Patterns
21%
Bookends Punky's Dilemma
21%
Wednesday Morning 3AM Sparrow
21%
Wednesday Morning 3AM Benedictus
19%
Wednesday Morning 3AM He Was My Brother
19%
Wednesday Morning 3AM The Times They Are A-Changin'
19%
Bridge Over Troubled Water Why Don't You Write Me
19%
Parsley, Sage, Rosemary and Thyme A Simple Desultory Philippic (or How I Was Robert McNamara'd into Submission)
18%
Parsley, Sage, Rosemary and Thyme Flowers Never Bend with the Rainfall
18%
Parsley, Sage, Rosemary and Thyme The Big Bright Green Pleasure Machine
18%
Bookends Overs
17%
Wednesday Morning 3AM Peggy-O
17%
Sounds of Silence Somewhere They Can't Find Me
17%
Parsley, Sage, Rosemary and Thyme A Poem on the Underground Wall
16%
Wednesday Morning 3AM Go Tell It on the Mountain
16%
Sounds of Silence Blessed
15%
Wednesday Morning 3AM Last Night I Had the Strangest Dream
15%
Wednesday Morning 3AM The Sun is Burning
14%
Wednesday Morning 3AM You Can Tell the World
14%
Sounds of Silence We've Got a Groovy Thing Goin'
13%
No matching quizzes found
Score Distribution
Percent of People with Each Score
Percentile by Number Answered
Your Score History
You have not taken this quiz